000
00240 a2200097 4500
001
32066
100
_a
Ulaby, Fawwaz T
245
_a
Microwave Remote Sensing Active and Passive
260
_a
USA
_b
Artech House
_c
1986
090
_c
21518
_d
21518
942
_a
NUST-CAE
_c
M
_c
12801
999
_c
267139
_d
267139